000 01891nam0a22003611 4500
001 v19\rc\1796167
005 20260406104010.0
035 _a(NLR Aleph) 005251743
090 _a5811063
_c5811063
100 _a20061204d1905 m y0rusy50 ca
101 1 _arus
_cfre
102 _aRU
105 _ay z |||b|
200 1 _aСонная тетеря
_eфарс в 3-х действиях
_f[А. Марс и Л. Ксанроф]
_gперевод с франц. С.Ф. Сабурова
210 _aМосква
_cлитография Московской театральной библиотеки С.Ф. Рассохина
_d1905, ценз.
215 _a99 с.
_d22
300 _aАвторы установлены по изданию: Фарс... и что там еще? : театр фарса в России, 1893-1917 / Д. Золотницкий. - Санкт-Петербург, 2006. - С. 204. (шифр: 2007-5/8517)
300 _aЗагл. оригинала: La marmotte / [A. Mars, L. Xanrof]
309 _aНаписано от руки. Литогр.
454 0 _12001#$aLa marmotte$f[A. Mars, L. Xanrof]
_15171#$aMarmotte
_1700#1$aMars$bA.$f1861-1915$gAntony$3RU\NLR\AUTH\770219221
_1701#1$aXanrof$bL.$f1867-1953$gLéon$3RU\NLR\AUTH\770285526
_tLa marmotte
_aMars, Antony (1861-1915)
700 1 _7ca
_8rus
_aМарс
_bА.
_f1861-1915
_gАнтони
_9219163
_3RU\NLR\AUTH\770219219
701 1 _7ca
_8rus
_aКсанроф
_bЛ.
_f1867-1953
_gЛеон
_3RU\NLR\AUTH\77102088
_985014
702 1 _4730
_8rus
_7ca
_aСабуров
_bС. Ф.
_f1868-1929
_gСимон Федорович
_3RU\NLR\AUTH\7793374
_976300
801 0 _aRU
_bNLR
_gpsbo
801 0 _aRU
_bRuMoRGB
_2psbo
801 1 _aRU
_bProSoft-M
_2rusmarc
801 2 _aRU
_bNLR
_c20101223
_2rusmarc
852 _aNLR
_j34.50.4.710
899 _aRuMoRGB
_jA 282/122
899 _aБАН
942 _cBOOK
980 _aNB